| 000 | 00571nam a22001697a 4500 | ||
|---|---|---|---|
| 003 | MACL | ||
| 005 | 20160128130357.0 | ||
| 008 | 160128b xxu||||| |||| 00| 0 eng d | ||
| 040 | _cMACL | ||
| 041 | _aHindi | ||
| 082 | _a526.022109/RAN | ||
| 100 |
_aरश्मिता रानी अखिलेश झा _934846 |
||
| 245 | _aऐतिहासिक मानचित्रावली | ||
| 260 |
_aनई दिल्ली _bस्पेक्ट्रम इण्डिया _c2001 |
||
| 650 |
_aMathematical Geography _95863 |
||
| 942 |
_2ddc _cHIN |
||
| 999 |
_c52867 _d52867 |
||